| 000 | 01152nam a2200337Ia 4500 | ||
|---|---|---|---|
| 001 | dia_3499 | ||
| 003 | CHAP | ||
| 005 | 20251027152032.0 | ||
| 008 | 220117s1999 xx 000 0 und d | ||
| 010 | _a173959 | ||
| 020 | _a84-481-2107-4 | ||
| 040 | _cCHAP | ||
| 082 | _a005.3697 H35 1999 | ||
| 100 |
_aHalvorson, Michael _952400 |
||
| 245 |
_aAprenda Microsoft Visual Basic 6.0 ya / _c Michael Halvorson ; traducción Jorge Rodríguez Vega |
||
| 260 |
_aMéxico : _b McGraw-Hill, _c1999 |
||
| 300 | _axxxiv, 619 p. | ||
| 440 |
_aMicrosoft Press _9154775 |
||
| 500 | _aTítulo original: Microsoft Visual Basic 6.0 Professional step by step | ||
| 503 | _aC/e | ||
| 590 | _aQA76.73.B3 H35 1999 | ||
| 650 |
_aBASIC (Computer program language) _9154061 |
||
| 650 |
_aBASIC (Lenguaje de programación para computadora) _9154062 |
||
| 650 |
_aMicrosoft Visual BASIC _9154776 |
||
| 650 |
_aMicrosoft Visual Basic for Windows _9154777 |
||
| 700 |
_aRodríguez Vega, Jorge, tr. _9154778 |
||
| 901 | _a005.3697 H35 1999 | ||
| 902 | _aM | ||
| 905 | _a5232271999 mx anl 8222223322SPA16 | ||
| 942 |
_cLIBRO _2ddc |
||
| 999 |
_c173959 _d173959 |
||